| 000 | 01296nam a22002415a 4500 | ||
|---|---|---|---|
| 003 | OSt | ||
| 005 | 20170328154057.0 | ||
| 008 | 170328s2003 ua frb 000 0 ara d | ||
| 015 | _a2003 / 8341 | ||
| 040 |
_aEG-ScBUE _bara _cEG-ScBUE |
||
| 043 | _af-ua--- | ||
| 082 | 0 | 4 |
_a346.62092 _bأ ب و _222 |
| 100 | 1 | _aأبو صالح، سامي عبد الباقي. | |
| 245 | 1 | 2 |
_aالإطار القانوني للاستثمارات الأجنبية في مصر : _bقانون ضمانات وحوافز الاستثمار رقم 8 لسنة 1997 - نظام BOOT-BOT كأحد أساليب الاستثمار المباشر - قانون التحكيم الجديد الصادر سنة 1994 وتعديلاته لسنة 1997 / _cسامي عبد الباقي أبو صالح. |
| 260 |
_aالقاهرة : _bدار النهضة العربية، _c[2003] |
||
| 300 |
_a106 ص. ؛ _c24 سم. |
||
| 500 | _aمحاضرات ألقيت على طلبة دبلوم قانون التجارة والاستثمارات الدولية العام الجامعي 2002 - 2003. | ||
| 504 | _aيشتمل على إرجاعات ببليوجرافية. | ||
| 650 | 7 |
_aالاستثمارات الأجنبية _xقوانين وتشريعات _zمصر. _2BUEsh |
|
| 651 | _2BUEsh | ||
| 653 |
_bLLAAWW _cMarch2017 |
||
| 942 | _2ddc | ||
| 999 |
_c24559 _d24531 |
||